| 000 | 00843nam a22002417a 4500 | ||
|---|---|---|---|
| 003 | UA-OsUOA | ||
| 001 | 50293 | ||
| 007 | ta | ||
| 008 | 20071113b un ||||| |||| 00| 0 ukr d | ||
| 090 |
_a321 (477) _bУ 45 |
||
| 942 | _cBK | ||
| 040 |
_aUA-OsUOA _bukr _cUA-OsUOA _dUA-OsUOA |
||
| 245 |
_aУкраїна в пошуках себе: національна ідея, проблеми розвитку _bУпоряд. О. Судакова |
||
| 300 | _a328 с. | ||
| 955 | _a2 | ||
| 041 | _aukr | ||
| 080 | _a321 (477) | ||
| 020 | _a978-966-518-292-4 | ||
| 260 |
_aК. _bКМА _c2007 |
||
| 250 | _nЗб. матеріалів експертів Всеукр. експерт. мережі | ||
| 650 | 7 |
_a321 Форми політичних організацій. Держави як політичні влади _2UDC |
|
| 999 |
_c336391 _d336391 |
||